[Event "ENCI Limburg-open B"]
[Site "Maastricht"]
[Date "2008.05.10"]
[Round "3"]
[White "De Graaf, Arnoud"]
[Black "Van Meegen, Ruud"]
[Result "1/2-1/2"]
[WhiteElo "1818"]
[BlackElo "1688"]
[PlyCount "120"]
[EventDate "2008.05.09"]
[EventType "swiss"]
[EventRounds "7"]
[EventCountry "NED"]
[Source "P.Boonen"]
[SourceDate "2010.01.01"]

1. Nf3 c5 2. c4 Nf6 3. Nc3 Nc6 4. e3 g6 5. d4 cxd4 6. exd4 d5 7. Ne5 Bg7 8.
cxd5 Nxd5 9. Nxc6 bxc6 10. Bc4 O-O 11. Be3 Be6 12. Qa4 Qb6 13. Nxd5 cxd5 14.
Bb3 Rfd8 15. Rd1 Bd7 16. Qa3 Bb5 17. Qxe7 Bf8 18. Qe5 Bb4+ 19. Rd2 Bxd2+ 20.
Kxd2 f6 21. Bxd5+ Kh8 22. Qe6 Qxe6 23. Bxe6 Bc6 24. f3 Rab8 25. b3 Bd5 26. Bxd5
Rxd5 27. Rc1 Ra5 28. Rc2 g5 29. Kd3 Kg7 30. Bd2 Ra6 31. Rb2 Kg6 32. b4 f5 33.
Kc3 h6 34. Kb3 Rc6 35. Rc2 Rxc2 36. Kxc2 Kf6 37. a4 a6 38. Kd3 Ke6 39. h4 gxh4
40. Ke3 Rc8 41. b5 axb5 42. axb5 Rb8 43. Be1 h3 44. gxh3 Rxb5 45. Kf4 Rd5 46.
Bf2 Kf6 47. Be3 Kg6 48. h4 Ra5 49. Bf2 Kh5 50. Bg3 Rb5 51. Bf2 Kg6 52. Be3 Rb3
53. Bf2 Rd3 54. Be3 Kf6 55. Bf2 Rd1 56. Be3 Rb1 57. Kg3 Kg6 58. Kg2 Re1 59. Kf2
Rd1 60. Kg3 Rd3 1/2-1/2

[Event "ENCI Limburg-open B"]
[Site "Maastricht"]
[Date "2008.05.10"]
[Round "3"]
[White "De Lange, Marieke"]
[Black "De Vries, Robert"]
[Result "0-1"]
[WhiteElo "1130"]
[BlackElo "1573"]
[PlyCount "46"]
[EventDate "2008.05.09"]
[EventType "swiss"]
[EventRounds "7"]
[EventCountry "NED"]
[Source "P.Boonen"]
[SourceDate "2010.01.01"]

1. e4 e5 2. Nf3 d6 3. Bc4 Be7 4. O-O Nf6 5. Nc3 O-O 6. Re1 Bg4 7. d4 Nbd7 8.
Qd3 exd4 9. Nxd4 Ne5 10. Qg3 Nh5 11. Qe3 Nxc4 12. Qd3 Ne5 13. Qe3 c5 14. Nde2
Bxe2 15. Qxe2 Nf6 16. Qe3 Qd7 17. Nd5 Nxd5 18. exd5 Rfe8 19. Qg3 Ng6 20. b3 Bh4
21. Qc3 Rxe1+ 22. Qxe1 Re8 23. Qc3 Bf6 0-1

[Event "ENCI Limburg-open B"]
[Site "Maastricht"]
[Date "2008.05.10"]
[Round "3"]
[White "De Mon, Gino"]
[Black "Wallace, Gavin"]
[Result "0-1"]
[WhiteElo "1316"]
[BlackElo "1605"]
[PlyCount "44"]
[EventDate "2008.05.09"]
[EventType "swiss"]
[EventRounds "7"]
[EventCountry "NED"]
[Source "P.Boonen"]
[SourceDate "2010.01.01"]

1. e4 e6 2. d4 d5 3. e5 c5 4. Nf3 Nc6 5. Bb5 Qb6 6. Bxc6+ bxc6 7. Nc3 cxd4 8.
Qxd4 Bc5 9. Qd2 Ba6 10. Na4 Qb4 11. Nxc5 Qxc5 12. Nd4 Ne7 13. Qc3 Qb6 14. b3
O-O 15. Ba3 Rfe8 16. Bxe7 Rxe7 17. Qxc6 Qa5+ 18. c3 Rc8 19. Qd6 Qxc3+ 20. Kd1
Qxa1+ 21. Kd2 Qxd4+ 22. Ke1 Rc1# 0-1

[Event "ENCI Limburg-open B"]
[Site "Maastricht"]
[Date "2008.05.10"]
[Round "3"]
[White "De Ridder, Naomi"]
[Black "De Jong, Ti"]
[Result "0-1"]
[WhiteElo "1302"]
[BlackElo "1533"]
[PlyCount "134"]
[EventDate "2008.05.09"]
[EventType "swiss"]
[EventRounds "7"]
[EventCountry "NED"]
[Source "P.Boonen"]
[SourceDate "2010.01.01"]

1. e4 Nf6 2. Nc3 d5 3. d3 Nc6 4. Bg5 e6 5. f4 Be7 6. Nf3 dxe4 7. dxe4 Bd7 8.
Bb5 O-O 9. O-O h6 10. Bh4 Ne8 11. Bg3 Nd6 12. Ba4 Nc4 13. Qe2 Nd6 14. Rad1 Qe8
15. Qd3 Rd8 16. Rfe1 f6 17. Bb3 Kh8 18. Nh4 Bc8 19. e5 Nf5 20. Qf3 Bc5+ 21. Kh1
Ncd4 22. Qf1 Nxg3+ 23. hxg3 f5 24. Nf3 Qh5+ 25. Nh4 g5 26. fxg5 hxg5 27. Ne2
gxh4 28. Nf4 Qh6 29. c3 hxg3+ 30. Nh3 Nxb3 31. axb3 a5 32. Qf4 Qh7 33. Qg5 Bd7
34. Qxg3 f4 35. Qf3 Be3 36. Qxb7 Bb6 37. Qf3 Rf5 38. b4 axb4 39. cxb4 Rg8 40.
Rd2 Rg3 41. Qa8+ Rg8 42. Qf3 Be3 43. Rd3 Bb5 44. Ra3 c6 45. Rea1 Rfg5 46. Rxe3
fxe3 47. Qf6+ Qg7 48. Nxg5 Qxf6 49. exf6 Rxg5 50. f7 Kg7 51. Ra7 Rf5 52. Re7 e5
53. Ra7 e2 54. f8=Q+ Kxf8 55. Ra8+ Ke7 56. Ra7+ Kd6 57. Ra1 Rf1+ 58. Rxf1
exf1=Q+ 59. Kh2 e4 60. g4 e3 61. Kg3 e2 62. Kh4 e1=Q+ 63. Kg5 Qd2+ 64. Kh5 Qf7+
65. Kh4 Qh7+ 66. Kg3 Qhh2+ 67. Kf3 Qd3# 0-1

[Event "ENCI Limburg-open B"]
[Site "Maastricht"]
[Date "2008.05.10"]
[Round "3"]
[White "Dirksen, Pieter"]
[Black "Student, Martin"]
[Result "1/2-1/2"]
[WhiteElo "1518"]
[BlackElo "1713"]
[PlyCount "35"]
[EventDate "2008.05.09"]
[EventType "swiss"]
[EventRounds "7"]
[EventCountry "NED"]
[Source "P.Boonen"]
[SourceDate "2010.01.01"]

1. e4 Nc6 2. Nf3 e5 3. Bc4 Bc5 4. c3 Nf6 5. d4 exd4 6. cxd4 Bb4+ 7. Bd2 Bxd2+
8. Nbxd2 d5 9. exd5 Nxd5 10. O-O O-O 11. Qb3 Na5 12. Qc2 Nxc4 13. Qxc4 Be6 14.
Qc2 Rc8 15. Nb3 Nb4 16. Qc3 Qd6 17. Nc5 Nd5 18. Qc2 1/2-1/2

[Event "ENCI Limburg-open B"]
[Site "Maastricht"]
[Date "2008.05.10"]
[Round "3"]
[White "Evmentchik, Jury"]
[Black "Frijns, Raoul"]
[Result "0-1"]
[WhiteElo "1466"]
[BlackElo "1680"]
[PlyCount "79"]
[EventDate "2008.05.09"]
[EventType "swiss"]
[EventRounds "7"]
[EventCountry "NED"]
[Source "P.Boonen"]
[SourceDate "2010.01.01"]

1. e4 c5 2. f4 Nc6 3. Bc4 e6 4. Nc3 Nge7 5. d3 g6 6. Qg4 Nd4 7. Kd1 d5 8. Be3
dxc4 9. Bxd4 cxd4 10. Nce2 cxd3 11. cxd3 Bg7 12. h4 h5 13. Qg5 Nc6 14. Nf3 Qxg5
15. hxg5 e5 16. Kd2 Bg4 17. Nh2 Bxe2 18. Kxe2 exf4 19. Rhf1 Be5 20. Nf3 Bc7 21.
Rac1 Kd7 22. a3 a5 23. Rc4 Rad8 24. Nxd4 Nxd4+ 25. Rxd4+ Ke6 26. Rc4 Be5 27. b4
b5 28. Rc6+ Rd6 29. Rxd6+ Bxd6 30. bxa5 Ra8 31. d4 Rxa5 32. e5 Be7 33. Rxf4
Rxa3 34. Rf3 b4 35. Rh3 Rxh3 36. gxh3 Bxg5 37. Kd3 Kd5 38. Kc2 Kxd4 39. Kb3 Be7
40. Kc2 0-1

[Event "ENCI Limburg-open B"]
[Site "Maastricht"]
[Date "2008.06.10"]
[Round "3"]
[White "Franssen, John2"]
[Black "Roelofs, Rik"]
[Result "1-0"]
[WhiteElo "1799"]
[BlackElo "1636"]
[PlyCount "111"]
[EventDate "2008.05.09"]
[EventType "swiss"]
[EventRounds "7"]
[EventCountry "NED"]
[Source "P.Boonen"]
[SourceDate "2010.01.01"]

1. d4 c5 2. d5 d6 3. c4 Bf5 4. Na3 Nd7 5. f3 e6 6. dxe6 Bxe6 7. e4 Be7 8. Ne2
Nb6 9. Nc3 Bh4+ 10. g3 Bf6 11. Nd5 Nxd5 12. cxd5 Bd7 13. Nc4 Be7 14. Bf4 Bc8
15. Qb3 a6 16. Nb6 Rb8 17. Rc1 g5 18. Be3 f6 19. h4 gxh4 20. Nxc8 Qxc8 21. Rxh4
b5 22. Bh3 Qd8 23. Bf5 h6 24. Kf2 Qb6 25. Qc2 Qa5 26. b3 Bf8 27. g4 Qd8 28. f4
Bg7 29. Qd2 Ne7 30. Be6 Ng6 31. Rh5 Rf8 32. Qc2 Ne7 33. Kg3 Rb7 34. Rhh1 Qc7
35. Qf2 Qa5 36. Rc2 Qb4 37. Qf3 Ng6 38. Rhc1 Rc7 39. Qh1 Kd8 40. Bd2 Qa3 41.
Qh5 Ne7 42. Bc3 b4 43. Ba1 Qa5 44. e5 fxe5 45. fxe5 Qb6 46. Kg2 dxe5 47. Bxe5
Bxe5 48. Qxe5 Ng6 49. Qe3 Nh4+ 50. Kh1 Rf3 51. Qe5 Rh3+ 52. Rh2 Rxh2+ 53. Qxh2
Nf3 54. Qxh6 Qd6 55. Rf1 Qe7 56. Rxf3 1-0

[Event "ENCI Limburg-open B"]
[Site "Maastricht"]
[Date "2008.05.10"]
[Round "3"]
[White "Freriks, Oscar"]
[Black "Orbons, Richard"]
[Result "1-0"]
[WhiteElo "1453"]
[BlackElo "1662"]
[PlyCount "65"]
[EventDate "2008.05.09"]
[EventType "swiss"]
[EventRounds "7"]
[EventCountry "NED"]
[Source "P.Boonen"]
[SourceDate "2010.01.01"]

1. e4 d6 2. Nf3 g6 3. d4 Bg7 4. Bc4 c6 5. O-O Nf6 6. Ng5 d5 7. exd5 cxd5 8.
Bb5+ Bd7 9. Na3 O-O 10. Bf4 Nc6 11. c3 a6 12. Bd3 b5 13. Nc2 Rc8 14. Ne3 Qb6
15. h3 Na5 16. Be5 e6 17. h4 Nc4 18. Bxc4 bxc4 19. Rb1 Qa5 20. Qf3 Ne8 21. Bxg7
Kxg7 22. h5 h6 23. Nh3 g5 24. Qg3 Qc7 25. f4 f6 26. Qf3 Nd6 27. fxg5 fxg5 28.
Qe2 Ne4 29. Qc2 Qg3 30. Rxf8 Rxf8 31. Nf1 Qg4 32. Nh2 Be8 33. Nxg4 1-0

[Event "ENCI Limburg-open B"]
[Site "Maastricht"]
[Date "2008.05.10"]
[Round "3"]
[White "Ghafuri, Asef"]
[Black "Strolenberg, Lars"]
[Result "1-0"]
[WhiteElo "1765"]
[BlackElo "1539"]
[PlyCount "75"]
[EventDate "2008.05.09"]
[EventType "swiss"]
[EventRounds "7"]
[EventCountry "NED"]
[Source "P.Boonen"]
[SourceDate "2010.01.01"]

1. e4 e5 2. Nf3 Nc6 3. d3 Bc5 4. Be2 Nge7 5. c3 d5 6. Bg5 dxe4 7. dxe4 Qxd1+ 8.
Bxd1 f6 9. Bh4 Be6 10. Nbd2 O-O-O 11. Bc2 h5 12. h3 g5 13. Bg3 h4 14. Bh2 Rd7
15. Nb3 Bb6 16. Nfd2 Rhd8 17. Ke2 Bxf2 18. Rhf1 Bb6 19. Rxf6 Rd6 20. Raf1 a5
21. Rf8 a4 22. Rxd8+ Rxd8 23. Nc1 a3 24. bxa3 Bc5 25. a4 b6 26. Bb3 Bd7 27. Nd3
Bd6 28. Nc4 Ng6 29. Rf6 Nf4+ 30. Nxf4 Be7 31. Nd5 Bxf6 32. Nxf6 Rf8 33. Nxd7
Kxd7 34. Bxe5 Re8 35. Bd4 Rxe4+ 36. Kd3 Rf4 37. Be3 Rf5 38. Ke4 1-0

[Event "ENCI Limburg-open B"]
[Site "Maastricht"]
[Date "2008.05.10"]
[Round "3"]
[White "Gheury, Jean Marie"]
[Black "Camps, Jeroen"]
[Result "1/2-1/2"]
[WhiteElo "1867"]
[BlackElo "1447"]
[PlyCount "55"]
[EventDate "2008.05.09"]
[EventType "swiss"]
[EventRounds "7"]
[EventCountry "NED"]
[Source "P.Boonen"]
[SourceDate "2010.01.01"]

1. d4 d5 2. Bf4 c6 3. c3 Nf6 4. Nf3 e6 5. e3 Bd6 6. Ne5 Qc7 7. Nd2 Nbd7 8. Nxd7
Qxd7 9. Bg3 O-O 10. Bd3 b6 11. f4 c5 12. Nf3 Bb7 13. Ne5 Bxe5 14. fxe5 Ne4 15.
Qg4 a5 16. O-O Ba6 17. Bxa6 Rxa6 18. Bh4 Kh8 19. Rf3 Raa8 20. Rh3 Rg8 21. Bg3
g5 22. Qh5 Rg7 23. Rf1 Qe8 24. Rf6 Qg8 25. Rh6 c4 26. Be1 b5 27. a3 Rc8 28. Qd1
1/2-1/2

[Event "ENCI Limburg-open B"]
[Site "Maastricht"]
[Date "2008.05.10"]
[Round "3"]
[White "Glasbeek, Steven"]
[Black "Kers, Kyra Tiana"]
[Result "1-0"]
[WhiteElo "1660"]
[BlackElo "1385"]
[PlyCount "61"]
[EventDate "2008.05.09"]
[EventType "swiss"]
[EventRounds "7"]
[EventCountry "NED"]
[Source "P.Boonen"]
[SourceDate "2010.01.01"]

1. e4 e5 2. Nf3 Nc6 3. Bb5 d6 4. d4 Nf6 5. Nc3 Bg4 6. d5 a6 7. Ba4 b5 8. Nxb5
Bd7 9. dxc6 axb5 10. cxd7+ Qxd7 11. Bb3 Nxe4 12. Qd5 c6 13. Qxe4 Be7 14. O-O f5
15. Qe2 e4 16. Nd4 d5 17. Rd1 Rb8 18. Bf4 Rb7 19. Nxc6 Rb6 20. Nxe7 Qxe7 21.
Rxd5 Qf6 22. Rad1 Rb7 23. Qe3 h6 24. Rd8+ Qxd8 25. Rxd8+ Kxd8 26. Bd5 Rd7 27.
Qb6+ Ke7 28. Qc5+ Kd8 29. g3 g5 30. Be5 Re8 31. Bf6+ 1-0

[Event "ENCI Limburg-open B"]
[Site "Maastricht"]
[Date "2008.05.10"]
[Round "3"]
[White "Gransier, Theo"]
[Black "Klokgieters, Jeroen"]
[Result "1-0"]
[WhiteElo "1584"]
[BlackElo "1169"]
[PlyCount "43"]
[EventDate "2008.05.09"]
[EventType "swiss"]
[EventRounds "7"]
[EventCountry "NED"]
[Source "P.Boonen"]
[SourceDate "2010.01.01"]

1. f4 d5 2. e3 Nc6 3. Nf3 Nf6 4. Bb5 Bd7 5. O-O a6 6. Bxc6 Bxc6 7. Nc3 e6 8.
Ne5 Bd7 9. b3 Bd6 10. Qf3 Bxe5 11. fxe5 Bc6 12. exf6 g6 13. Ba3 d4 14. Ne4 Qd5
15. d3 e5 16. Be7 Qb5 17. exd4 exd4 18. Qf4 Qb6 19. Bc5 Qa5 20. Qe5+ Kd7 21.
Qxd4+ Ke6 22. Ng5# 1-0

[Event "ENCI Limburg-open B"]
[Site "Maastricht"]
[Date "2008.05.10"]
[Round "3"]
[White "Gunther, Marcella"]
[Black "Roelofs, Iris"]
[Result "0-1"]
[WhiteElo "1628"]
[BlackElo "1330"]
[PlyCount "92"]
[EventDate "2008.05.09"]
[EventType "swiss"]
[EventRounds "7"]
[EventCountry "NED"]
[Source "P.Boonen"]
[SourceDate "2010.01.01"]

1. e4 e5 2. Nf3 Nc6 3. Bc4 Bc5 4. O-O Nf6 5. Re1 d6 6. h3 O-O 7. c3 h6 8. d4
Bb6 9. b4 exd4 10. Nxd4 Ne7 11. Bb3 Ng6 12. Kh1 Re8 13. f3 Nh5 14. Nd2 Nhf4 15.
Nf1 Be6 16. Nxe6 fxe6 17. Be3 Bxe3 18. Nxe3 Qg5 19. Qd2 Nh5 20. Nf1 Ng3+ 21.
Kg1 Nf4 22. Rad1 Kh8 23. Kh2 Nxf1+ 24. Rxf1 Qf6 25. g3 Nh5 26. f4 Qg6 27. Qd3
Qh7 28. f5 exf5 29. Bf7 fxe4 30. Qe3 Nf6 31. Bxe8 Rxe8 32. Rf4 b6 33. c4 Re5
34. c5 bxc5 35. bxc5 Rxc5 36. Qb3 Qg8 37. Qb2 d5 38. Rdf1 Rc6 39. h4 Kh7 40. g4
Qe6 41. g5 Nh5 42. gxh6 Qxh6 43. Rf8 Qd6+ 44. Kg1 Qg3+ 45. Qg2 Qxh4 46. R1f5
Rg6 0-1

[Event "ENCI Limburg-open B"]
[Site "Maastricht"]
[Date "2008.05.10"]
[Round "3"]
[White "Heijenrath, Jan"]
[Black "Bemmelmans, Kristy"]
[Result "1-0"]
[WhiteElo "1821"]
[BlackElo "1440"]
[PlyCount "75"]
[EventDate "2008.05.09"]
[EventType "swiss"]
[EventRounds "7"]
[EventCountry "NED"]
[Source "P.Boonen"]
[SourceDate "2010.01.01"]

1. d4 Nf6 2. Nf3 g6 3. g3 Bg7 4. Bg2 d5 5. O-O O-O 6. c4 Nc6 7. Nc3 Bf5 8. cxd5
Nxd5 9. Qb3 Nb6 10. Rd1 Qc8 11. Bf4 Re8 12. e4 Bg4 13. e5 Kh8 14. Ng5 e6 15. f3
h6 16. Nxf7+ Kh7 17. fxg4 Rf8 18. Nxh6 Bxh6 19. Bxh6 Kxh6 20. g5+ Kxg5 21. Ne4+
Kh6 22. Qe3+ Kg7 23. Nf6 Nb4 24. Be4 N4d5 25. Qg5 Ne7 26. Nh5+ Kf7 27. Qf6+ Ke8
28. Ng7+ Kd7 29. Qxe6+ Kd8 30. Rf1 Rg8 31. Qxc8+ Kxc8 32. Ne6 c6 33. Rf7 Kd7
34. Nc5+ Ke8 35. Raf1 Nc4 36. Nxb7 Nf5 37. Bxf5 Kxf7 38. Bd3+ 1-0

[Event "ENCI Limburg-open B"]
[Site "Maastricht"]
[Date "2008.05.10"]
[Round "3"]
[White "Heijltjes, Thijs"]
[Black "Schrijvers, Kees"]
[Result "0-1"]
[WhiteElo "1446"]
[BlackElo "1655"]
[PlyCount "64"]
[EventDate "2008.05.09"]
[EventType "swiss"]
[EventRounds "7"]
[EventCountry "NED"]
[Source "P.Boonen"]
[SourceDate "2010.01.01"]

1. e4 c5 2. Nf3 e6 3. Nc3 Nc6 4. d3 Be7 5. Be3 d6 6. d4 cxd4 7. Nxd4 e5 8. Nxc6
bxc6 9. Be2 Nf6 10. O-O O-O 11. Qd2 d5 12. exd5 cxd5 13. Bg5 Bb7 14. Rad1 d4
15. Bxf6 Bxf6 16. Nb1 Rc8 17. Bg4 Rb8 18. b3 Bc6 19. c3 Bg5 20. Qd3 Bb5 21. c4
Bd7 22. Bf3 f5 23. Bd5+ Kh8 24. Nd2 Bf6 25. f3 Bg5 26. Rfe1 Be3+ 27. Kh1 Rf6
28. Nf1 f4 29. Re2 Rh6 30. Be4 Qg5 31. Nxe3 fxe3 32. Rg1 Rxh2+ 0-1

[Event "ENCI Limburg-open B"]
[Site "Maastricht"]
[Date "2008.05.10"]
[Round "3"]
[White "Hein, Andreas"]
[Black "Heuts, John"]
[Result "1/2-1/2"]
[WhiteElo "1637"]
[BlackElo "1746"]
[PlyCount "37"]
[EventDate "2008.05.09"]
[EventType "swiss"]
[EventRounds "7"]
[EventCountry "NED"]
[Source "P.Boonen"]
[SourceDate "2010.01.01"]

1. e4 e6 2. d4 d5 3. e5 c5 4. c3 Nc6 5. f4 cxd4 6. cxd4 Nge7 7. Nf3 Nf5 8. Nc3
Qb6 9. Bb5 Bd7 10. Bxc6 Bxc6 11. a3 a5 12. O-O Be7 13. Re1 O-O 14. g4 Nh4 15.
Nxh4 Bxh4 16. Re2 Be7 17. Be3 Bb5 18. Nxb5 Qxb5 19. Rb1 1/2-1/2

[Event "ENCI Limburg-open B"]
[Site "Maastricht"]
[Date "2008.05.10"]
[Round "3"]
[White "Heman, Frans"]
[Black "Willen, Ronny"]
[Result "1/2-1/2"]
[WhiteElo "1555"]
[BlackElo "1812"]
[PlyCount "52"]
[EventDate "2008.05.09"]
[EventType "swiss"]
[EventRounds "7"]
[EventCountry "NED"]
[Source "P.Boonen"]
[SourceDate "2010.01.01"]

1. f4 d5 2. Nf3 c5 3. e3 Nc6 4. Bb5 a6 5. Bxc6+ bxc6 6. b3 Nf6 7. Ne5 Qc7 8.
Bb2 e6 9. O-O Be7 10. d3 a5 11. a4 Ba6 12. Nd2 Rd8 13. Rf3 d4 14. Qe1 dxe3 15.
Ndc4 Bxc4 16. dxc4 Nd7 17. Qxe3 Bf6 18. Raf1 O-O 19. Kh1 g6 20. Bc3 Bg7 21. Qe1
Nxe5 22. fxe5 Ra8 23. g3 Ra7 24. Kg2 Bh6 25. Rd3 Rd8 26. Rff3 Bg7 1/2-1/2

[Event "ENCI Limburg-open B"]
[Site "Maastricht"]
[Date "2008.05.10"]
[Round "3"]
[White "Herzet, Serge"]
[Black "Drose, Daniela"]
[Result "0-1"]
[WhiteElo "1856"]
[BlackElo "1735"]
[PlyCount "84"]
[EventDate "2008.05.09"]
[EventType "swiss"]
[EventRounds "7"]
[EventCountry "NED"]
[Source "P.Boonen"]
[SourceDate "2010.01.01"]

1. e4 d5 2. Nc3 d4 3. Nce2 e5 4. d3 Nf6 5. Ng3 Bb4+ 6. Bd2 Bxd2+ 7. Qxd2 Nc6 8.
Be2 Be6 9. Nf3 h6 10. h3 Qd6 11. Nh4 Ne7 12. a4 c5 13. a5 O-O 14. O-O b5 15.
axb6 axb6 16. Bf3 Qd7 17. Rxa8 Rxa8 18. Nhf5 Nxf5 19. Nxf5 Bxf5 20. exf5 Ra2
21. b4 Qxf5 22. bxc5 bxc5 23. Rb1 e4 24. dxe4 Nxe4 25. Qd3 Nd6 26. Rb8+ Kh7 27.
Rb6 Rxc2 28. Qxf5+ Nxf5 29. g4 Rc1+ 30. Kh2 Ne7 31. Be4+ Ng6 32. Bd5 d3 33.
Bxf7 Ne5 34. Bd5 d2 35. Be4+ g6 36. Rb7+ Kh8 37. Rb8+ Kg7 38. Rb7+ Kf8 39. Rb8+
Ke7 40. Rb7+ Kd8 41. Rb8+ Kc7 42. Rb7+ Kc8 0-1

[Event "ENCI Limburg-open B"]
[Site "Maastricht"]
[Date "2008.05.10"]
[Round "3"]
[White "Heuts, Guido"]
[Black "Debusschere, Helmuth"]
[Result "0-1"]
[WhiteElo "1498"]
[BlackElo "1815"]
[PlyCount "58"]
[EventDate "2008.05.09"]
[EventType "swiss"]
[EventRounds "7"]
[EventCountry "NED"]
[Source "P.Boonen"]
[SourceDate "2010.01.01"]

1. d4 c5 2. d5 Nf6 3. c4 b5 4. e3 bxc4 5. Bxc4 g6 6. Nf3 Bg7 7. O-O d6 8. Nc3
O-O 9. Re1 a6 10. b3 Ne4 11. Bb2 Bxc3 12. Bxc3 Nxc3 13. Qc2 Nb5 14. a4 Nc7 15.
Qd2 Nd7 16. e4 f6 17. Bd3 Kg7 18. Nh4 Rf7 19. Re3 Ne5 20. Bc2 g5 21. Nf5+ Bxf5
22. exf5 h6 23. Qe2 Nxd5 24. Be4 Nxe3 25. Bxa8 Qxa8 26. Qxe3 Qd5 27. h3 Rf8 28.
f4 gxf4 29. Qxf4 Qd4+ 0-1

[Event "ENCI Limburg-open B"]
[Site "Maastricht"]
[Date "2008.05.10"]
[Round "3"]
[White "Hollands, Maxim"]
[Black "Sterck, Arno"]
[Result "1-0"]
[WhiteElo "1704"]
[BlackElo "1133"]
[PlyCount "69"]
[EventDate "2008.05.09"]
[EventType "swiss"]
[EventRounds "7"]
[EventCountry "NED"]
[Source "P.Boonen"]
[SourceDate "2010.01.01"]

1. d4 d5 2. c4 e6 3. Nf3 Nf6 4. Bg5 h6 5. Bh4 Nc6 6. Nc3 Bb4 7. Rc1 O-O 8. e3
Bd7 9. Bd3 Na5 10. cxd5 exd5 11. O-O Be6 12. Ne5 Nc4 13. Qe2 Nd6 14. Qf3 Nde8
15. a3 Be7 16. Rc2 Qd6 17. Bg3 Qb6 18. b4 c6 19. Na4 Qd8 20. Nc5 Bxc5 21. bxc5
Qa5 22. Ra1 b5 23. Nxc6 Qa6 24. Ne5 Qa4 25. Rb2 Rb8 26. Nxf7 Rb7 27. Ne5 b4 28.
Qd1 Qxd1+ 29. Rxd1 a5 30. axb4 axb4 31. Rdb1 Ne4 32. Rxb4 Rxb4 33. Rxb4 Nc7 34.
f3 Nd2 35. Be1 1-0

[Event "ENCI Limburg-open B"]
[Site "Maastricht"]
[Date "2008.05.10"]
[Round "3"]
[White "Ingelaere, Frederic"]
[Black "Kalkman De Koster, Franzke"]
[Result "1-0"]
[WhiteElo "1691"]
[BlackElo "1390"]
[PlyCount "61"]
[EventDate "2008.05.09"]
[EventType "swiss"]
[EventRounds "7"]
[EventCountry "NED"]
[Source "P.Boonen"]
[SourceDate "2010.01.01"]

1. e4 c5 2. Nc3 Nf6 3. Nf3 d6 4. d4 cxd4 5. Nxd4 a6 6. Bg5 e5 7. Nb3 Be7 8. Qd2
b5 9. a3 h6 10. Be3 Bb7 11. f3 d5 12. exd5 Nxd5 13. Nxd5 Bxd5 14. Bd3 Nc6 15.
O-O Be6 16. Be4 Qc7 17. Qc3 O-O 18. Qxc6 Qxc6 19. Bxc6 Rac8 20. Be4 Bxb3 21.
cxb3 f5 22. Bb7 Rc2 23. Rf2 Rxf2 24. Bxf2 a5 25. Rc1 Kh7 26. Bc5 Bxc5+ 27. Rxc5
Rd8 28. Rxe5 Rd2 29. Rxf5 Rxb2 30. Rxb5 a4 31. Bd5 1-0

[Event "ENCI Limburg-open B"]
[Site "Maastricht"]
[Date "2008.05.10"]
[Round "3"]
[White "Klees, Robert"]
[Black "Van Kesteren, Stef"]
[Result "0-1"]
[WhiteElo "1239"]
[BlackElo "1859"]
[PlyCount "82"]
[EventDate "2008.05.09"]
[EventType "swiss"]
[EventRounds "7"]
[EventCountry "NED"]
[Source "P.Boonen"]
[SourceDate "2010.01.01"]

1. d4 Nf6 2. c4 e6 3. Nc3 Bb4 4. Qc2 O-O 5. Bg5 h6 6. Bh4 d5 7. cxd5 exd5 8. e3
Be6 9. Bd3 Nbd7 10. Nge2 c5 11. O-O Rc8 12. Nf4 Bxc3 13. Nxe6 fxe6 14. Qxc3 Qb6
15. Qb3 c4 16. Qxb6 Nxb6 17. Bc2 a5 18. Rfc1 g5 19. Bg3 Ne4 20. Bxe4 dxe4 21.
Rc2 Nd5 22. a3 b5 23. Rac1 Nb6 24. Bd6 Rfd8 25. Bc5 Nd7 26. Bd6 Rc6 27. Be7 Re8
28. Bc5 Nxc5 29. dxc5 Rxc5 30. b4 axb4 31. axb4 Rd5 32. Kf1 Red8 33. Ke2 Kf7
34. Ke1 Kf6 35. Ke2 Ra8 36. Rb2 Ra3 37. Rcb1 Ke5 38. Ke1 Rdd3 39. Ke2 Kd5 40.
Rd1 Rxd1 41. Kxd1 c3 0-1

[Event "ENCI Limburg-open B"]
[Site "Maastricht"]
[Date "2008.05.10"]
[Round "3"]
[White "Kleijnen, Jos"]
[Black "Doossche, Carlo"]
[Result "0-1"]
[WhiteElo "1484"]
[BlackElo "1836"]
[PlyCount "82"]
[EventDate "2008.05.09"]
[EventType "swiss"]
[EventRounds "7"]
[EventCountry "NED"]
[Source "P.Boonen"]
[SourceDate "2010.01.01"]

1. e4 e5 2. Nf3 Nc6 3. Bb5 a6 4. Bxc6 dxc6 5. O-O Bg4 6. h3 h5 7. d3 Bd6 8. Be3
Qf6 9. Nbd2 Bd7 10. Qe2 Qg6 11. Nh4 Qh7 12. f3 Be7 13. Nf5 Bxf5 14. exf5 O-O-O
15. Rae1 Qxf5 16. Ne4 f6 17. a3 g5 18. Bf2 Qd7 19. Qe3 b6 20. Qd2 Nh6 21. Be3
Nf5 22. Bf2 Kb7 23. b4 Rdg8 24. Nc5+ bxc5 25. bxc5 Ka7 26. Rb1 Rb8 27. Qa5 Nd4
28. Rb4 Rxb4 29. axb4 Rb8 30. Ra1 Qc8 31. c3 Nb3 32. Qa3 Nxa1 33. Qxa1 Qb7 34.
Qa3 Qb5 35. Kh2 Qxd3 36. Qa5 Rb7 37. Bg1 Qb5 38. Qa3 Rb8 39. Bf2 Rd8 40. Bg1
Qc4 41. Qa5 Kb7 0-1

[Event "ENCI Limburg-open B"]
[Site "Maastricht"]
[Date "2008.05.10"]
[Round "3"]
[White "Knof, Henrike"]
[Black "Werts, Frits"]
[Result "0-1"]
[WhiteElo "1422"]
[BlackElo "1642"]
[PlyCount "32"]
[EventDate "2008.05.09"]
[EventType "swiss"]
[EventRounds "7"]
[EventCountry "NED"]
[Source "P.Boonen"]
[SourceDate "2010.01.01"]

1. e4 e6 2. d4 d5 3. exd5 exd5 4. Nf3 Nf6 5. c4 Bb4+ 6. Bd2 Bxd2+ 7. Nbxd2 O-O
8. Bd3 Re8+ 9. Ne5 dxc4 10. Bxc4 Be6 11. Ndf3 Bxc4 12. Qc2 Bd5 13. O-O Nbd7 14.
Rfe1 c6 15. Ng5 h6 16. Nh3 Rc8 0-1

[Event "ENCI Limburg-open B"]
[Site "Maastricht"]
[Date "2008.05.10"]
[Round "3"]
[White "Koehorst, Andre"]
[Black "Bieberle, Gerhard"]
[Result "0-1"]
[WhiteElo "1553"]
[BlackElo "1789"]
[PlyCount "118"]
[EventDate "2008.05.09"]
[EventType "swiss"]
[EventRounds "7"]
[EventCountry "NED"]
[Source "P.Boonen"]
[SourceDate "2010.01.01"]

1. d4 f5 2. c4 g6 3. g3 Bg7 4. Bg2 e5 5. dxe5 Bxe5 6. Nf3 Bf6 7. Qb3 Nc6 8. Bd2
Nge7 9. Bc3 O-O 10. h4 d6 11. h5 Ne5 12. Nxe5 dxe5 13. hxg6 hxg6 14. Nd2 c6 15.
O-O-O Qc7 16. c5+ Kg7 17. Rh2 Nd5 18. Rdh1 Qd8 19. Rh7+ Kg8 20. e4 fxe4 21.
Nxe4 Be6 22. Qc2 Nxc3 23. Nxc3 Bf5 24. Be4 Bg5+ 25. Kb1 Qf6 26. Bxf5 gxf5 27.
Qb3+ Rf7 28. f4 Raf8 29. fxg5 Qg6 30. Rh8+ Kg7 31. Rxf8 Kxf8 32. Rh8+ Kg7 33.
Rh6 Qxg5 34. Rh7+ Kxh7 35. Qxf7+ Kh6 36. Qe6+ Kh7 37. Qxe5 Qh5 38. Qe7+ Kg8 39.
Qe1 Qg6 40. Kc1 Qg5+ 41. Kd1 Qg4+ 42. Ne2 Qa4+ 43. Kc1 Qxa2 44. Qc3 Qd5 45. b3
Qh1+ 46. Kb2 Qf1 47. Qc4+ Kf8 48. Qe6 Qf2 49. Qc8+ Kf7 50. Qxb7+ Kf8 51. Qb8+
Kf7 52. Qe5 a5 53. Ka3 Kg8 54. Nd4 Qd2 55. Nxc6 Qc1+ 56. Ka4 Qd2 57. Qe6+ Kh7
58. Nxa5 Qf2 59. Qe7+ Kg6 {.....} 0-1